Type the first line of Laufeys A matter of time album - Statistics

General Stats
  • This quiz has been taken 14 times
  • The average score is 9 of 15
Answer Stats
Hint Answer % Correct
Clockwork Swore I'd never do this again
91%
Tough Luck Are you tired? I can tell that you're tired
73%
Lover Girl This skyscraper's causing vertigo
73%
Mr. Eclectic Bet you think you're so poetic
64%
Snow White Can't help but notice, all of the ways
64%
Clean Air Saging my bedroom, dusting every surface, every corner
64%
Forget-Me-Not Hold up your chin, deep breath in, it's alright
55%
Silver Lining I've been falling in bad habits, staring into the abyss
55%
Carousel My life is a circus, hold on for all I bring with me
55%
A Cautionary Tale Oh, Heavens, hear my story, a cautionary tale
55%
Seems like old times (Bonus Track) Seems like old times, having you to walk with
55%
Sabotage I get in my head so easily
45%
Castle In Hollywood I rack my brain, spend hours and days
45%
Too Little, Too Late The whole town is talking 'bout how you've fallen in love
45%
Cuckoo Ballet (Interlude) None
36%
No matching quizzes found
Score Distribution
Percent of People with Each Score
Percentile by Number Answered
Your Score History
You have not taken this quiz